01088nam a2200313 a 4500999001700000001000800017003000900025005001700034008004100051020002800092020001800120040003300138082002000171100003600191245005200227250002500279264005500304264001000359300002300369336002600392337002800418338002700446650004100473651003700514653002600551655002400577942001200601952016100613 c13999d139992536330EG-ScBUE20210130101226.0931207t2004 enk f 000 1 eng d a0060742410 (Larg print) a9780060742416 aDLCbengerdacDLCdEG-ScBUE04a813.54bSHE2221 aSheldon, Sidney,eauthor.9591110aAre you afraid of the dark ? /cSidney Sheldon. aLarge print edition. 1aNew York, NY :bHarper Collins Publishers,c[2004] 4cc2004 a464 pages :c32 cm 2rdacontentatextbtxt 2rdamediaaunmediatedbn 2rdacarrieravolumebnc 7aResearch institutesvFiction.2BUEsh 7aNew York (N.Y.)vFiction.2BUEsh bHHUUEENNcJanuary2021 vReading book934232 2ddccBB 00102ddc40708BaccahaMAINbMAINc2NDd2010-05-17epurchaseg180.00h10270l9m14o813.54 SHEp000020835r2025-07-15 00:00:00s2023-02-20w2010-05-17yBB